000
00205nam a2200097Ia 4500
008
220204s9999 xx 000 0 und d
082
_a
82-3
_b
KAS
100
_a
Herbert
245
0
_a
Death Squad
942
_c
BK
999
_c
33486
_d
33486